[Event "CCT Play-in Chessable Masters 2024"]
[Site "Online"]
[Date "2024.01.31"]
[Round "8"]
[White "Shankland, Sam"]
[Black "Angry_Twin"]
[Result "0-1"]
[WhiteElo "2674"]
[BlackElo "2497"]
[Annotator "TA"]
[PlyCount "100"]
[EventDate "2024.01.26"]
[EventType "swiss"]
[EventCountry "NET"]
[SourceTitle "playchess.com"]
[Source "ChessBase"]
[SourceQuality "1"]

1. e4 c5 2. Nf3 d6 3. d4 cxd4 4. Nxd4 Nf6 5. Nc3 a6 6. Be2 e5 7. Nb3 Be7 8. O-O O-O 9. Qd3 Be6 10. Bd2 a5 11. Be3 a4 12. Nd2 Nc6 13. a3 d5 14. exd5 Nxd5 15. Nxd5 Bxd5 16. Rfd1 Be6 17. Qxd8 Rfxd8 18. c3 f5 19. Bb6 Rd7 20. Bb5 e4 21. Nc4 Rxd1+ 22. Rxd1 Kf8 23. Kf1 Na7 24. Bxa7 Rxa7 25. Ke1 Bc5 26. g3 Ke7 27. Ne3 Ra5 28. c4 g5 29. Nd5+ Kf7 30. Nc7 f4 31. Nxe6 Kxe6 32. Rd5 b6 33. Rxg5 e3 34. f3 fxg3 35. hxg3 Bd4 36. Rg4 Bc5 37. Rh4 Ra7 38. Ke2 Kf6 39. f4 Ra8 40. Rxh7 Rd8 41. Rd7 Rh8 42. Kf3 Rh2 43. Rd5 Rf2+ 44. Kg4 Rxb2 45. Rf5+ Kg7 46. Re5 Rf2 47. Bxa4 e2 48. Bc6 Bd4 49. Re7+ Kf6 50. Re8 Bc3 0-1

[Event "CCT Play-in Chessable Masters 2024"]
[Site "Online"]
[Date "2024.01.31"]
[Round "8"]
[White "GeorgMeier"]
[Black "Melkumyan, Hrant"]
[Result "1-0"]
[WhiteElo "2668"]
[BlackElo "2640"]
[Annotator "RC"]
[PlyCount "131"]
[EventDate "2024.01.26"]
[EventType "swiss"]
[EventCountry "NET"]
[SourceTitle "playchess.com"]
[Source "ChessBase"]
[SourceQuality "1"]

1. Nf3 c5 2. c4 g6 3. d4 cxd4 4. Nxd4 Nc6 5. e4 Nf6 6. Nc3 d6 7. Be2 Nxd4 8. Qxd4 Bg7 9. Be3 a5 10. O-O O-O 11. Qd2 a4 12. Rac1 Be6 13. f3 Qa5 14. Nb5 Qxd2 15. Bxd2 Rfc8 16. Be3 Nd7 17. Nd4 Nc5 18. Rc2 Bd7 19. Rd2 Kf8 20. Rb1 Na6 21. Nc2 f5 22. b4 axb3 23. axb3 fxe4 24. fxe4 Nc5 25. Bf3 Bc6 26. Bxc5 dxc5 27. Kf1 Be5 28. h3 Kg7 29. Ne1 Rf8 30. Ke2 Bd4 31. Rc2 Ra3 32. Rd2 Bc3 33. Rc2 Bd4 34. Rd2 e5 35. Nc2 Raa8 36. b4 b6 37. bxc5 bxc5 38. Rb6 Rf6 39. Nxd4 exd4 40. Rdb2 Re8 41. Kf2 Rfe6 42. Ra6 Bxe4 43. Ra5 Bxf3 44. gxf3 Re5 45. Rbb5 Rc8 46. Rb7+ Kh6 47. Raa7 Rh8 48. Rd7 Rf5 49. Kg3 Rg5+ 50. Kf2 Rf5 51. Rac7 g5 52. Rd5 Rhf8 53. Rd6+ R8f6 54. Rxf6+ Rxf6 55. Rxc5 Rd6 56. Ke2 Kg6 57. Re5 Ra6 58. Rd5 Ra2+ 59. Kf1 Rh2 60. Rxd4 Rxh3 61. Kg2 Rh5 62. c5 Kf5 63. c6 Rh6 64. Rc4 g4 65. fxg4+ Ke5 66. c7 1-0

[Event "CCT Play-in Chessable Masters 2024"]
[Site "Online"]
[Date "2024.01.31"]
[Round "8"]
[White "jefferyx"]
[Black "Ponkratov, Pavel"]
[Result "1-0"]
[WhiteElo "2664"]
[BlackElo "2614"]
[Annotator "TA"]
[PlyCount "93"]
[EventDate "2024.01.26"]
[EventType "swiss"]
[EventCountry "NET"]
[SourceTitle "playchess.com"]
[Source "ChessBase"]
[SourceQuality "1"]

1. e4 e6 2. d4 d5 3. exd5 exd5 4. Nf3 Nc6 5. Nc3 Bb4 6. Bd3 Nge7 7. O-O Bg4 8. Be3 Qd7 9. h3 Bh5 10. Na4 f6 11. c3 Bd6 12. Nc5 Qc8 13. Be2 a5 14. Nd3 g5 15. Nh2 Bg6 16. f4 Qe6 17. Qd2 Nf5 18. Bf2 O-O-O 19. Rae1 Kb8 20. fxg5 fxg5 21. Qxg5 Qg8 22. Ng4 h6 23. Qd2 Ng3 24. Bxg3 Bxg3 25. Rd1 Be4 26. Bf3 h5 27. Nf6 Qg6 28. Bxe4 dxe4 29. Nc5 Bh4 30. Ncxe4 Bxf6 31. Nxf6 Rd6 32. Qf4 Ka8 33. d5 Ne7 34. Qe5 Nc8 35. Rf2 Rf8 36. Rdf1 Nb6 37. Ne4 Rxf2 38. Rxf2 Rxd5 39. Qxc7 Qxe4 40. Qxb6 Rd1+ 41. Kh2 Qe5+ 42. g3 Qe7 43. Qxa5+ Kb8 44. Qxh5 Ra1 45. Qh8+ Ka7 46. Qd4+ Ka8 47. Rd2 1-0

[Event "CCT Play-in Chessable Masters 2024"]
[Site "Online"]
[Date "2024.01.31"]
[Round "8"]
[White "Matlakov, Maxim"]
[Black "Ohanyan, Emin"]
[Result "1-0"]
[WhiteElo "2662"]
[BlackElo "2456"]
[Annotator "RC"]
[PlyCount "55"]
[EventDate "2024.01.26"]
[EventType "swiss"]
[EventCountry "NET"]
[SourceTitle "playchess.com"]
[Source "ChessBase"]
[SourceQuality "1"]

1. d4 Nf6 2. c4 e6 3. g3 d5 4. Bg2 dxc4 5. Nf3 c6 6. Ne5 Bb4+ 7. Nc3 Nd5 8. Bd2 b5 9. O-O O-O 10. a4 a5 11. axb5 Bxc3 12. bxc3 cxb5 13. e4 Ne7 14. Qb1 Ba6 15. d5 f6 16. Ng4 Nd7 17. Be3 e5 18. f4 Qc7 19. Qa2 h5 20. Nf2 Nc5 21. Qe2 g6 22. f5 Kg7 23. fxg6 Rh8 24. g4 Nd3 25. gxh5 b4 26. h6+ Kxg6 27. Nxd3 cxd3 28. Qg4+ 1-0

[Event "CCT Play-in Chessable Masters 2024"]
[Site "Online"]
[Date "2024.01.31"]
[Round "8"]
[White "Bartel, Mateusz"]
[Black "Bharath Subramaniyam H"]
[Result "0-1"]
[WhiteElo "2657"]
[BlackElo "2515"]
[Annotator "ChessBase"]
[PlyCount "52"]
[EventDate "2024.01.26"]
[EventType "swiss"]
[EventCountry "NET"]
[SourceTitle "playchess.com"]
[Source "ChessBase"]
[SourceQuality "1"]

1. e4 c6 2. Ne2 d5 3. e5 c5 4. d4 cxd4 5. Nxd4 e6 6. Bd3 Nc6 7. Nxc6 bxc6 8. O-O Ne7 9. Qh5 Qc7 10. Re1 Ng6 11. Bxg6 fxg6 12. Qh3 Be7 13. Nd2 O-O 14. Nf3 c5 15. Qg4 d4 16. Bg5 Rf5 17. Bxe7 Qxe7 18. h4 Bb7 19. Ng5 Raf8 20. Nh3 Bd5 21. f4 Rh5 22. g3 Rhf5 23. Rad1 Qb7 24. Rd3 c4 25. Ra3 Qxb2 26. Rxa7 d3 0-1

[Event "CCT Play-in Chessable Masters 2024"]
[Site "Online"]
[Date "2024.01.31"]
[Round "8"]
[White "Bluebaum, Matthias"]
[Black "youngKID"]
[Result "1/2-1/2"]
[WhiteElo "2655"]
[BlackElo "2513"]
[Annotator "TA"]
[PlyCount "82"]
[EventDate "2024.01.26"]
[EventType "swiss"]
[EventCountry "NET"]
[SourceTitle "playchess.com"]
[Source "ChessBase"]
[SourceQuality "1"]

1. d4 Nf6 2. c4 e6 3. Nc3 Bb4 4. e3 O-O 5. Bd2 c5 6. a3 Bxc3 7. Bxc3 Ne4 8. Ne2 b6 9. d5 Ba6 10. Qd3 Qh4 11. g3 Qg4 12. Bg2 Nxc3 13. Nxc3 Bxc4 14. h3 Qxg3 15. fxg3 Bxd3 16. dxe6 Nc6 17. exd7 Ne5 18. Bxa8 Rxa8 19. Kf2 Rd8 20. Rhd1 Rxd7 21. Ne2 g5 22. Nc1 c4 23. Nxd3 cxd3 24. e4 Kg7 25. Rac1 a5 26. Ke3 Rd6 27. b3 h5 28. Rc8 Kg6 29. Rg8+ Kh6 30. Re8 f6 31. a4 Kg6 32. Rc8 Kh6 33. Rc3 Kg6 34. Rf1 Kg7 35. Rd1 Kg6 36. Rc7 Kh6 37. Rc8 Kg6 38. Re8 Kf7 39. Rc8 Kg6 40. Re8 Kf7 41. Rc8 Kg6 1/2-1/2

[Event "CCT Play-in Chessable Masters 2024"]
[Site "Online"]
[Date "2024.01.31"]
[Round "8"]
[White "MashaPutina"]
[Black "GMBenjaminBok"]
[Result "0-1"]
[WhiteElo "2652"]
[BlackElo "2603"]
[Annotator "TA"]
[PlyCount "134"]
[EventDate "2024.01.26"]
[EventType "swiss"]
[EventCountry "NET"]
[SourceTitle "playchess.com"]
[Source "ChessBase"]
[SourceQuality "1"]

1. d4 Nf6 2. c4 e6 3. Nf3 b6 4. a3 Bb7 5. Nc3 d5 6. cxd5 Nxd5 7. Qc2 Nxc3 8. bxc3 Nd7 9. e4 c5 10. Bd3 Qc7 11. Qb1 Be7 12. O-O O-O 13. Re1 Rfd8 14. a4 h6 15. Be3 Rac8 16. h3 Nb8 17. Ne5 Bf6 18. Ng4 Bg5 19. e5 cxd4 20. cxd4 Nc6 21. Qb2 Qe7 22. Be4 Bxe3 23. fxe3 Nxe5 24. Bxb7 Nc4 25. Qf2 Qxb7 26. Qg3 f5 27. Nf6+ Kh8 28. Nh5 Qf7 29. Nf4 Kh7 30. Rac1 e5 31. dxe5 Nxe5 32. Rxc8 Rxc8 33. e4 Rc4 34. Nd5 Ng6 35. Qd3 Ne5 36. Qg3 f4 37. Nxf4 Rxa4 38. Nd5 Qe6 39. Qb3 Rd4 40. Rf1 Qg6 41. Nf4 Qxe4 42. Ne6 Rd2 43. Nf8+ Kh8 44. Qg3 Kg8 45. Ne6 Qg6 46. Rf8+ Kh7 47. Qxg6+ Kxg6 48. Nf4+ Kh7 49. Re8 Ng6 50. Ne6 Rd6 51. Kf2 a5 52. Nc7 a4 53. Ra8 Rd2+ 54. Kg3 Rd3+ 55. Kg4 Rd4+ 56. Kf5 Nh4+ 57. Ke5 Rc4 58. Ne6 Ng6+ 59. Kd5 Rb4 60. g3 Rb5+ 61. Kd6 Ra5 62. Rxa5 bxa5 63. Nd4 a3 64. Nc2 a2 65. Kc5 Ne7 66. Kb5 Nf5 67. g4 Nd4+ 0-1

[Event "CCT Play-in Chessable Masters 2024"]
[Site "Online"]
[Date "2024.01.31"]
[Round "8"]
[White "alexrustemov"]
[Black "Volokitin, Andrei"]
[Result "1-0"]
[WhiteElo "2651"]
[BlackElo "2663"]
[Annotator "TA"]
[PlyCount "79"]
[EventDate "2024.01.26"]
[EventType "swiss"]
[EventCountry "NET"]
[SourceTitle "playchess.com"]
[Source "ChessBase"]
[SourceQuality "1"]

1. d4 Nf6 2. c4 g6 3. g3 Bg7 4. Bg2 O-O 5. Nc3 Nc6 6. Nf3 d5 7. cxd5 Nxd5 8. O-O e5 9. Bg5 f6 10. Bc1 Nxc3 11. bxc3 e4 12. Nd2 f5 13. e3 Be6 14. Rb1 Na5 15. Ba3 Rf7 16. Bb4 Nc4 17. Qe2 Nxd2 18. Qxd2 Bc4 19. Rfd1 Qd5 20. Rb2 g5 21. Re1 Re8 22. Qc2 Re6 23. a4 a5 24. Ba3 b6 25. Qb1 Bf8 26. Bxf8 Kxf8 27. Qd1 f4 28. exf4 gxf4 29. Qg4 Bd3 30. Bf1 Bxf1 31. Rxf1 e3 32. fxe3 fxe3 33. Rxf7+ Kxf7 34. Re2 Kf8 35. Qf4+ Kg8 36. Rxe3 Rxe3 37. Qxe3 Qc6 38. Qg5+ Kf7 39. Qf5+ Kg8 40. Qc2 1-0

[Event "CCT Play-in Chessable Masters 2024"]
[Site "Online"]
[Date "2024.01.31"]
[Round "8"]
[White "Malakhov, Vladimir"]
[Black "Vidit, Santosh Gujrathi"]
[Result "1/2-1/2"]
[WhiteElo "2648"]
[BlackElo "2742"]
[Annotator "TA"]
[PlyCount "85"]
[EventDate "2024.01.26"]
[EventType "swiss"]
[EventCountry "NET"]
[SourceTitle "playchess.com"]
[Source "ChessBase"]
[SourceQuality "1"]

1. Nf3 c5 2. e4 e6 3. c4 Nc6 4. d4 cxd4 5. Nxd4 Nf6 6. Nc3 Bb4 7. Nxc6 bxc6 8. Bd3 e5 9. O-O O-O 10. h3 Bc5 11. Re1 Rb8 12. Na4 Bd4 13. Be3 Bxe3 14. Rxe3 d6 15. Bc2 Be6 16. b3 Qc7 17. Qe2 Rfd8 18. Rd1 h6 19. Red3 Kf8 20. Nc3 Ke7 21. Qd2 Nh5 22. Ne2 g5 23. Ng3 Nf4 24. Rc3 Qa5 25. Bb1 d5 26. cxd5 cxd5 27. Rc6 Qxd2 28. Rxd2 dxe4 29. Rxd8 Rxd8 30. Bxe4 Rd1+ 31. Kh2 Rd2 32. Rc2 Rxc2 33. Bxc2 h5 34. Nf5+ Kf6 35. Nd6 h4 36. Ne4+ Kg6 37. g3 Nd5 38. Nd6+ Kg7 39. g4 Nc3 40. a3 Kf6 41. b4 Bd5 42. Nc8 a6 43. Bd3 1/2-1/2

[Event "CCT Play-in Chessable Masters 2024"]
[Site "Online"]
[Date "2024.01.31"]
[Round "8"]
[White "tptagain"]
[Black "Sethu Madhav Upadhyayula"]
[Result "1-0"]
[WhiteElo "2648"]
[BlackElo "1502"]
[Annotator "TA"]
[PlyCount "85"]
[EventDate "2024.01.26"]
[EventType "swiss"]
[EventCountry "NET"]
[SourceTitle "playchess.com"]
[Source "ChessBase"]
[SourceQuality "1"]

1. e4 e5 2. Nf3 Nc6 3. Bc4 Nf6 4. Ng5 d5 5. exd5 Na5 6. Bb5+ c6 7. dxc6 bxc6 8. Bd3 Nd5 9. Nf3 Bd6 10. Nc3 f5 11. Nxd5 cxd5 12. Bb5+ Bd7 13. Bxd7+ Qxd7 14. O-O O-O 15. b4 Nc6 16. b5 Ne7 17. Bb2 Ng6 18. a4 e4 19. Nd4 Qe7 20. d3 Nf4 21. g3 Qg5 22. Kh1 Rf6 23. dxe4 fxe4 24. Ne2 Rh6 25. Nxf4 Bxf4 26. gxf4 Rxh2+ 27. Kxh2 Qxf4+ 28. Kh3 Qh6+ 29. Kg3 Qd6+ 30. Kh3 Qh6+ 31. Kg4 Qg6+ 32. Kh4 Rf8 33. Qg4 Qh6+ 34. Kg3 d4 35. Bxd4 Qd6+ 36. Kg2 Qxd4 37. Rad1 Qe5 38. Rd7 h5 39. Qg3 Qf6 40. Rh1 g6 41. Rxh5 Qf3+ 42. Qxf3 exf3+ 43. Kg3 1-0

[Event "CCT Play-in Chessable Masters 2024"]
[Site "Online"]
[Date "2024.01.31"]
[Round "8"]
[White "Pichot, Alan"]
[Black "ViIIagra"]
[Result "0-1"]
[WhiteElo "2644"]
[BlackElo "2574"]
[Annotator "RC"]
[PlyCount "142"]
[EventDate "2024.01.26"]
[EventType "swiss"]
[EventCountry "NET"]
[SourceTitle "playchess.com"]
[Source "ChessBase"]
[SourceQuality "1"]

1. e4 c5 2. Nf3 Nc6 3. d4 cxd4 4. Nxd4 g6 5. c4 Bg7 6. Be3 Qb6 7. Nb3 Qd8 8. Qd2 Nf6 9. Nc3 d6 10. Bh6 O-O 11. h4 Be6 12. h5 Rc8 13. Be2 Qd7 14. Rd1 Ne5 15. Bxg7 Kxg7 16. c5 Bxb3 17. axb3 Rxc5 18. hxg6 fxg6 19. Qh6+ Kg8 20. b4 Nf7 21. Qxf8+ Kxf8 22. bxc5 Qe6 23. cxd6 exd6 24. O-O Nxe4 25. Bf3 Nxc3 26. bxc3 Qc8 27. Rfe1 b6 28. Re3 Qc5 29. Rd5 Qc7 30. Be2 Ne5 31. f4 Nc6 32. Re6 Ne7 33. Rdxd6 Qxc3 34. Bf3 Qc1+ 35. Rd1 Qxf4 36. Re4 Qc7 37. Rde1 Qc5+ 38. Kh2 Qd6+ 39. Kg1 Nf5 40. Re6 Qc5+ 41. Kh2 Qc7+ 42. Kg1 Qg3 43. Rd1 Kg7 44. Re4 Qc7 45. Rde1 h5 46. Re6 Qc5+ 47. Kh2 Qc7+ 48. Kg1 Qc3 49. Rd1 Kh6 50. Be4 Qe3+ 51. Kh2 Qf4+ 52. Kg1 Kg5 53. Rd5 Qe3+ 54. Kh2 Qg3+ 55. Kg1 a5 56. Bxf5 gxf5 57. Ree5 Qf4 58. Re8 a4 59. Rg8+ Kf6 60. Rdd8 Qe3+ 61. Kh2 h4 62. Rgf8+ Kg5 63. Rg8+ Kf4 64. Ra8 Qd4 65. Rh8 Ke3 66. Rhe8+ Kf2 67. Rad8 Qf4+ 68. Kh1 Qc1+ 69. Kh2 Qg1+ 70. Kh3 Qxg2+ 71. Kxh4 Qg4# 0-1

[Event "CCT Play-in Chessable Masters 2024"]
[Site "Online"]
[Date "2024.01.31"]
[Round "8"]
[White "Donchenko, Alexander"]
[Black "Gadimbayli, Abdulla"]
[Result "1-0"]
[WhiteElo "2643"]
[BlackElo "2489"]
[Annotator "RC"]
[PlyCount "101"]
[EventDate "2024.01.26"]
[EventType "swiss"]
[EventCountry "NET"]
[SourceTitle "playchess.com"]
[Source "ChessBase"]
[SourceQuality "1"]

1. Nf3 d5 2. e3 Nf6 3. c4 e6 4. Nc3 Nc6 5. b3 Bd6 6. Bb2 O-O 7. Be2 b6 8. cxd5 exd5 9. O-O d4 10. exd4 Bb7 11. Re1 a6 12. h3 Re8 13. Bc4 Qd7 14. Ng5 Rxe1+ 15. Qxe1 Re8 16. Qf1 Nd8 17. Bxa6 Bxa6 18. Qxa6 Qf5 19. Nf3 Ne6 20. Re1 Rf8 21. Ba3 Bxa3 22. Qxa3 Nf4 23. Re3 Qg6 24. Ne1 h6 25. Qa4 Rd8 26. Qc4 N6d5 27. Nxd5 Nxd5 28. Re5 Nf4 29. Qxc7 Rxd4 30. Re8+ Kh7 31. Qc8 Qb1 32. Kh2 Ne6 33. Nf3 Re4 34. d4 Qxa2 35. Ne5 Rxe5 36. dxe5 Qxf2 37. Qc4 Qe3 38. Qc2+ g6 39. Qb1 Qxe5+ 40. Kh1 Kg7 41. Ra8 Nc5 42. b4 Ne4 43. Qa1 Ng3+ 44. Kg1 Ne2+ 45. Kh1 Nd4 46. Rd8 Nc6 47. Qxe5+ Nxe5 48. Rd6 Nc4 49. Rc6 Ne3 50. Rxb6 f5 51. b5 1-0

[Event "CCT Play-in Chessable Masters 2024"]
[Site "Online"]
[Date "2024.01.31"]
[Round "8"]
[White "Bortnyk, Oleksandr"]
[Black "Firouzja, Alireza"]
[Result "0-1"]
[WhiteElo "2640"]
[BlackElo "2759"]
[Annotator "TA"]
[PlyCount "132"]
[EventDate "2024.01.26"]
[EventType "swiss"]
[EventCountry "NET"]
[SourceTitle "playchess.com"]
[Source "ChessBase"]
[SourceQuality "1"]

1. e4 c6 2. d4 d5 3. Nc3 dxe4 4. Nxe4 Bf5 5. Ng3 Bg6 6. h4 h6 7. Nh3 e6 8. Nf4 Bh7 9. Nfh5 Nd7 10. Bc4 Qb6 11. c3 O-O-O 12. a4 Ngf6 13. O-O Qc7 14. a5 a6 15. Qf3 Bd6 16. Nxg7 Rdg8 17. N7h5 Nxh5 18. Nxh5 Bf5 19. Ng3 Bxg3 20. fxg3 Rxg3 21. Qf4 Qxf4 22. Bxf4 Rg4 23. g3 Rhg8 24. Kh2 Nf6 25. Rae1 Nh5 26. Be2 Nxg3 27. Bxg4 Nxf1+ 28. Rxf1 Rxg4 29. Bg3 Re4 30. Re1 Rg4 31. Rf1 h5 32. Rf4 Rg8 33. Rf1 Kd7 34. b4 f6 35. Rg1 Bg4 36. Rf1 Ke7 37. Kg2 Bf5 38. Kf2 Rg4 39. Rg1 Kf7 40. Ke3 e5 41. dxe5 fxe5 42. Bf2 Re4+ 43. Kd2 Ke6 44. Rg7 Rf4 45. Ke1 Rf3 46. Rg3 Rf4 47. Rg7 Re4+ 48. Kd2 Bg4 49. Be3 Bf3 50. Bg5 Kd5 51. Kd3 Be2+ 52. Kd2 Kc4 53. Rxb7 Bf3 54. Rf7 Re2+ 55. Kc1 e4 56. Rf6 Kb3 57. Re6 Rc2+ 58. Kb1 Rh2 59. Kc1 Rc2+ 60. Kb1 Rxc3 61. Bd2 Rc2 62. Rd6 Be2 63. b5 Bxb5 64. Rd4 Bd3 65. Rb4+ Ka3 66. Rd4 Rb2+ 0-1

[Event "CCT Play-in Chessable Masters 2024"]
[Site "Online"]
[Date "2024.01.31"]
[Round "8"]
[White "Guseinov, Gadir"]
[Black "ElHelvetico"]
[Result "1-0"]
[WhiteElo "2636"]
[BlackElo "2543"]
[Annotator "RC"]
[PlyCount "89"]
[EventDate "2024.01.26"]
[EventType "swiss"]
[EventCountry "NET"]
[SourceTitle "playchess.com"]
[Source "ChessBase"]
[SourceQuality "1"]

1. e4 e5 2. Nf3 Nc6 3. d4 exd4 4. Bc4 Nf6 5. e5 d5 6. Bb5 Ne4 7. Nxd4 Bd7 8. Bxc6 bxc6 9. O-O Be7 10. f3 Nc5 11. f4 Ne4 12. Nb3 a5 13. Be3 a4 14. N3d2 Bc5 15. Qe1 Bf5 16. Nxe4 Bxe3+ 17. Qxe3 Bxe4 18. Nd2 Bf5 19. Qc5 Ra6 20. Rf3 Qe7 21. Rc3 Qxc5+ 22. Rxc5 Kd7 23. b4 axb3 24. cxb3 Rb8 25. Kf2 Rb4 26. Ke3 h6 27. a4 g5 28. g3 g4 29. a5 h5 30. Ra4 Rb5 31. b4 Rxc5 32. bxc5 Kc8 33. Ra2 Be6 34. Ra3 Bf5 35. Nb3 Be4 36. Nd4 Kd7 37. f5 Ke7 38. f6+ Kd7 39. Kf4 Ra8 40. a6 Bb1 41. a7 Kc8 42. e6 fxe6 43. Ke5 Kb7 44. Rb3+ Kxa7 45. Rxb1 1-0

[Event "CCT Play-in Chessable Masters 2024"]
[Site "Online"]
[Date "2024.01.31"]
[Round "8"]
[White "Sam_ChessMood"]
[Black "Svidler, Peter"]
[Result "1-0"]
[WhiteElo "2632"]
[BlackElo "2689"]
[Annotator "TA"]
[PlyCount "119"]
[EventDate "2024.01.26"]
[EventType "swiss"]
[EventCountry "NET"]
[SourceTitle "playchess.com"]
[Source "ChessBase"]
[SourceQuality "1"]

1. e4 e5 2. Nf3 Nc6 3. Bb5 a6 4. Ba4 Nf6 5. O-O Bc5 6. c3 O-O 7. d4 Ba7 8. dxe5 Nxe4 9. Qd5 Nc5 10. Bc2 Ne7 11. Qd1 d5 12. exd6 Qxd6 13. Qxd6 cxd6 14. Na3 Bg4 15. Nd4 Ne6 16. h3 Nxd4 17. hxg4 Nxc2 18. Nxc2 f5 19. Bg5 Rae8 20. Rae1 Nd5 21. gxf5 Rxe1 22. Rxe1 Bxf2+ 23. Kxf2 Rxf5+ 24. Kg1 Rxg5 25. Re8+ Kf7 26. Rb8 b5 27. Ra8 Nf4 28. Ne1 Re5 29. Kf1 Rf5 30. Rxa6 Nd3+ 31. Ke2 Nxb2 32. Rxd6 Rc5 33. Nd3 Rxc3 34. Nxb2 Ra3 35. Rb6 Rxa2 36. Rxb5 Ra7 37. Nd3 Re7+ 38. Kf3 h6 39. Nf4 Ra7 40. g3 Kg8 41. Kg4 Kh7 42. Rd5 Ra4 43. Rd7 Ra6 44. Nh5 Rg6+ 45. Kh4 Kg8 46. g4 Kh7 47. Nf4 Rf6 48. Nh5 Rg6 49. Re7 Kg8 50. Nf4 Rf6 51. Ne6 Rf7 52. Rxf7 Kxf7 53. Nd4 Kf6 54. Kh5 Kf7 55. Nf3 Kf6 56. Nh4 Kf7 57. Ng2 Kf6 58. Ne3 Kf7 59. Nd5 Ke6 60. Kg6 1-0

[Event "CCT Play-in Chessable Masters 2024"]
[Site "Online"]
[Date "2024.01.31"]
[Round "8"]
[White "shimastream"]
[Black "Mamedov, Rauf"]
[Result "0-1"]
[WhiteElo "2629"]
[BlackElo "2651"]
[Annotator "TA"]
[PlyCount "136"]
[EventDate "2024.01.26"]
[EventType "swiss"]
[EventCountry "NET"]
[SourceTitle "playchess.com"]
[Source "ChessBase"]
[SourceQuality "1"]

1. e4 c5 2. d4 cxd4 3. Qxd4 Nc6 4. Qd3 g6 5. Nc3 Bg7 6. Nf3 d6 7. Be2 Nf6 8. O-O O-O 9. Nd5 Bg4 10. c3 Re8 11. Bg5 Nd7 12. Rad1 h6 13. Bh4 Nb6 14. Rfe1 Rc8 15. Qb1 Nb8 16. Ne3 Bxf3 17. Bxf3 Qc7 18. Nd5 Nxd5 19. exd5 Nd7 20. Be2 a6 21. Bf1 Ne5 22. h3 b5 23. f4 Nc4 24. Re4 Qb7 25. Qc2 Nb6 26. Qd3 Rc5 27. Qf3 Rxd5 28. Rxe7 Rxe7 29. Bxe7 Qxe7 30. Rxd5 Nxd5 31. Qxd5 Qe3+ 32. Kh1 Qc1 33. Kg1 Qxb2 34. Qa8+ Kh7 35. Qxa6 Qxc3 36. Qxb5 Qe3+ 37. Kh2 Qxf4+ 38. g3 Qf2+ 39. Bg2 Be5 40. Qb3 Kg7 41. h4 h5 42. a4 g5 43. hxg5 h4 44. Qf3 hxg3+ 45. Kh3 Qc2 46. Qe4 Qd1 47. Qh4 Qg1 48. Qe4 Qh2+ 49. Kg4 Qh8 50. a5 Qd8 51. a6 Qc8+ 52. Kh4 Qxa6 53. Qf5 Qc4+ 54. Qe4 d5 55. Qg4 Qxg4+ 56. Kxg4 d4 57. Bf1 d3 58. Kf3 d2 59. Be2 Kg6 60. Bd1 Kxg5 61. Be2 Kf5 62. Bd3+ Ke6 63. Bc2 Kd5 64. Ke3 Bf4+ 65. Ke2 Kd4 66. Ba4 Kc3 67. Kf3 Kb2 68. Kg2 Kc1 0-1

[Event "CCT Play-in Chessable Masters 2024"]
[Site "Online"]
[Date "2024.01.31"]
[Round "8"]
[White "Durarbayli, Vasif"]
[Black "Dedic8"]
[Result "1-0"]
[WhiteElo "2627"]
[BlackElo "2547"]
[Annotator "RC"]
[PlyCount "111"]
[EventDate "2024.01.26"]
[EventType "swiss"]
[EventCountry "NET"]
[SourceTitle "playchess.com"]
[Source "ChessBase"]
[SourceQuality "1"]

1. e4 e5 2. Nf3 Nc6 3. Bb5 a6 4. Ba4 Nf6 5. d3 b5 6. Bb3 Bc5 7. a4 Rb8 8. c3 d6 9. O-O h6 10. h3 O-O 11. Re1 Bb6 12. axb5 axb5 13. Na3 Bd7 14. Nc2 Na5 15. Ba2 c5 16. b4 Nc6 17. bxc5 dxc5 18. Bd5 Nxd5 19. exd5 Ne7 20. c4 f6 21. Nh4 g5 22. Nf3 Ng6 23. Nh2 Kh7 24. Qh5 Qe7 25. Be3 Bf5 26. Qd1 Ra8 27. Nf1 Bd7 28. cxb5 f5 29. f3 g4 30. Rxa8 Rxa8 31. hxg4 fxg4 32. fxg4 Ra4 33. Nh2 Qd6 34. Bf2 Nf4 35. Ne3 Bxb5 36. Nc4 Qxd5 37. Nf3 Bc7 38. Ncxe5 Ra2 39. Qb1 Nxd3 40. Nxd3 Bxd3 41. Re7+ Kg6 42. Qe1 Bd6 43. Re6+ Kf7 44. Rxh6 Rb2 45. Qc3 Rb1+ 46. Be1 Be4 47. Qf6+ Ke8 48. Qe6+ Kd8 49. Qxd6+ Qxd6 50. Rxd6+ Kc7 51. Re6 Bd5 52. Re3 Kc6 53. g5 c4 54. g6 Kc5 55. g7 Rb7 56. Bc3 1-0

[Event "CCT Play-in Chessable Masters 2024"]
[Site "Online"]
[Date "2024.01.31"]
[Round "8"]
[White "Petrosyan, Manuel"]
[Black "Elsa167"]
[Result "1-0"]
[WhiteElo "2627"]
[BlackElo "2346"]
[Annotator "NA"]
[PlyCount "149"]
[EventDate "2024.01.26"]
[EventType "swiss"]
[EventCountry "NET"]
[SourceTitle "playchess.com"]
[Source "ChessBase"]
[SourceQuality "1"]

1. d4 Nf6 2. Nf3 e6 3. Bf4 b6 4. e3 Bb7 5. Be2 c5 6. O-O cxd4 7. exd4 Be7 8. a4 a6 9. c4 d5 10. b3 Nc6 11. Nc3 O-O 12. Ne5 Rc8 13. Bf3 Nxe5 14. Bxe5 Qd7 15. a5 dxc4 16. axb6 Nd5 17. Nxd5 exd5 18. Bc7 c3 19. Qd3 Bd6 20. Qxc3 Bxc7 21. bxc7 Rxc7 22. Qb4 Rfc8 23. Rfe1 g6 24. h4 h5 25. Re5 Kg7 26. Rae1 Qb5 27. Qxb5 axb5 28. Bxd5 Rd8 29. Bxb7 Rxb7 30. Rd1 b4 31. Rc5 Kf6 32. g3 Ke6 33. Kg2 Kd6 34. Rc4 Re8 35. Kf3 Kd5 36. Rc5+ Kd6 37. Rd3 Re1 38. Rc4 Rb1 39. Kf4 Rb5 40. d5 Re1 41. Rdd4 Re5 42. Rxb4 Rf5+ 43. Ke3 Re5+ 44. Kf3 Rf5+ 45. Kg2 Rxb4 46. Rxb4 Rxd5 47. Re4 Rd3 48. Re3 Rd2 49. Kf3 Rb2 50. Kg2 Rb1 51. Kf3 Rb2 52. Rd3+ Ke6 53. Ke3 Ke5 54. Rc3 f6 55. Rc5+ Kd6 56. Rb5 Ke6 57. f3 Rb1 58. Kf4 Rb2 59. Rb6+ Kf7 60. g4 hxg4 61. fxg4 Rf2+ 62. Kg3 Rf1 63. b4 f5 64. g5 Rg1+ 65. Kh3 Rh1+ 66. Kg3 Rg1+ 67. Kf3 Rg4 68. b5 Rxh4 69. Rf6+ Kg7 70. b6 Rb4 71. Rc6 Kf7 72. Ke3 f4+ 73. Kf3 Kg7 74. Rc7+ Kf8 75. b7 1-0

[Event "CCT Play-in Chessable Masters 2024"]
[Site "Online"]
[Date "2024.01.31"]
[Round "8"]
[White "Theodorou, Nikolas"]
[Black "Klekowski, Maciej"]
[Result "1/2-1/2"]
[WhiteElo "2627"]
[BlackElo "2477"]
[Annotator "RC"]
[PlyCount "73"]
[EventDate "2024.01.26"]
[EventType "swiss"]
[EventCountry "NET"]
[SourceTitle "playchess.com"]
[Source "ChessBase"]
[SourceQuality "1"]

1. d4 Nf6 2. c4 e6 3. Nf3 b6 4. Bf4 Bb7 5. e3 Bb4+ 6. Nbd2 O-O 7. h4 d6 8. a3 Bxd2+ 9. Nxd2 Nc6 10. Bg5 h6 11. Qc2 Re8 12. O-O-O hxg5 13. hxg5 Nd7 14. Qh7+ Kf8 15. f4 Ke7 16. Bd3 Rh8 17. Qxg7 Qg8 18. Qxg8 Raxg8 19. Nf3 Kf8 20. Be4 f5 21. Bxc6 Bxc6 22. d5 Ba4 23. dxe6 Nc5 24. Rxh8 Rxh8 25. Rd5 Ke7 26. b4 Rh1+ 27. Kb2 Ne4 28. Rxf5 Rf1 29. Rf7+ Ke8 30. Nd4 Rf2+ 31. Kc1 c5 32. Nf5 Rf1+ 33. Kb2 Rf2+ 34. Ka1 Rf1+ 35. Kb2 Rf2+ 36. Kc1 Rf1+ 37. Kb2 1/2-1/2

[Event "CCT Play-in Chessable Masters 2024"]
[Site "Online"]
[Date "2024.01.31"]
[Round "8"]
[White "Warmerdam, Max"]
[Black "Gledura, Benjamin"]
[Result "0-1"]
[WhiteElo "2625"]
[BlackElo "2633"]
[Annotator "RC"]
[PlyCount "74"]
[EventDate "2024.01.26"]
[EventType "swiss"]
[EventCountry "NET"]
[SourceTitle "playchess.com"]
[Source "ChessBase"]
[SourceQuality "1"]

1. Nf3 d5 2. c4 e6 3. g3 d4 4. Bg2 Nc6 5. O-O Bc5 6. d3 Nf6 7. Nbd2 O-O 8. Nb3 Be7 9. e3 dxe3 10. Bxe3 Ng4 11. Bc5 Bxc5 12. Nxc5 b6 13. Nh4 Nge5 14. d4 Nxd4 15. Nb3 Nxb3 16. axb3 Rb8 17. Qe2 f6 18. Rxa7 Qe7 19. Be4 Qc5 20. Rd1 Nc6 21. Rxc7 Nd4 22. Bxh7+ Kxh7 23. Qe4+ Kg8 24. Rxc5 bxc5 25. Rxd4 cxd4 26. Qxd4 Rxb3 27. Ng6 Re8 28. h4 e5 29. Qd6 Be6 30. c5 Rxb2 31. h5 Rb1+ 32. Kh2 Rb2 33. Kg2 e4 34. Qd4 Rc2 35. h6 e3 36. Nf4 Rxf2+ 37. Kg1 Bf7 0-1